|
|
|
|
| LEADER |
01080nam a2200289 a 4500 |
| 001 |
3299 |
| 003 |
BD-DhAAL |
| 005 |
20150827145543.0 |
| 008 |
150827s1997 maua b 001 0 eng |
| 010 |
|
|
|a 96076916
|
| 020 |
|
|
|a 0395718643 (student text)
|
| 020 |
|
|
|a 0395838320 (instructor's ed.)
|
| 040 |
|
|
|a DLC
|c DLC
|d BD-DhAAL
|
| 050 |
0 |
0 |
|a LB2395.3
|b .K36 1997
|
| 082 |
|
|
|a 428.4/071/1073
|
| 100 |
1 |
|
|a Kanar, Carol C.
|9 14272
|
| 245 |
1 |
4 |
|a The confident reader 2 /
|c Carol Kanar.
|
| 246 |
3 |
|
|a Confident reader two
|
| 260 |
|
|
|a Boston :
|b Houghton Mifflin,
|c c1997.
|
| 300 |
|
|
|a xix, 554 p. :
|b ill. ;
|c 24 cm.
|
| 504 |
|
|
|a Includes bibliographical references (p. 541-546) and indexes.
|
| 541 |
|
|
|e 3299
|
| 650 |
|
0 |
|a Reading (Higher education)
|z United States.
|9 14273
|
| 650 |
|
0 |
|a Critical thinking
|x Study and teaching (Higher)
|z United States.
|9 14274
|
| 942 |
|
|
|2 ddc
|c BK
|
| 999 |
|
|
|c 35389
|d 35389
|
| 952 |
|
|
|0 0
|1 0
|2 ddc
|4 0
|6 428_407110730000000_KAN
|7 0
|9 55646
|a SCL
|b SCL
|c GEN
|d 2015-08-27
|e Gift: The Asia Foundation
|l 0
|o 428.40711073 KAN
|p 3020003299
|r 2015-08-27
|t 1
|w 2015-08-27
|y BK
|